[Event "USA-ch"]
[Site "Durango CO, USA"]
[Date "1992.??.??"]
[Round "11"]
[White "Benjamin, Joel"]
[Black "Wolff, Patrick"]
[Result "0-1"]
[WhiteElo "2570"]
[BlackElo "2590"]
[EventDate "1992.12.??"]
[PlyCount "104"]

1.e4 c5 2.Nf3 d6 3.d4 cxd4 4.Nxd4 Nf6 5.Nc3 a6 6.a4 Nc6 7.Be2 g6 8.Be3 Bg7
9.O-O O-O 10.f4 Rb8 11.Qd2 Bg4 12.Kh1 Bxe2 13.Ndxe2 b5 14.axb5 axb5 15.Ng3
Nd7 16.f5 b4 17.Nd5 Bxb2 18.Ra6 Rc8 19.Bh6 Re8 20.Nh5 Nf6 21.Nhxf6+ exf6 
22.Nb6 Bc3 23.Qd1 Rb8 24.Nc4 Qc8 25.Ra2 Qc7 26.Bf4 Ne5 27.Ne3 Nc4 28.Nd5 
Qc5 29.Qd3 Qd4 30.h3 Qxe4 31.Nxc3 bxc3 32.Qxc3 Ne5 33.Bg3 Rbc8 34.Qd2 Nc4 
35.Qf2 Ne3 36.Re1 Qc4 37.fxg6 hxg6 38.Raa1 Nf5 39.Rxe8+ Rxe8 40.Bh2 Re2 
41.Qf3 Rxc2 42.Rd1 Rc1 43.Rxc1 Qxc1+ 44.Bg1 Qc4 45.Bf2 d5 46.g4 Nd6 47.
Qxf6 Ne4 48.Qd8+ Kg7 49.Bb6 Qf1+ 50.Kh2 Qf4+ 51.Kg2 Qg3+ 52.Kf1 Qd3+ 0-1

[Event "USA-ch"]
[Site "Durango CO, USA"]
[Date "1992.??.??"]
[Round "11"]
[White "Browne, Walter Shawn"]
[Black "Fedorowicz, John"]
[Result "0-1"]
[WhiteElo "2515"]
[BlackElo "2560"]
[EventDate "1992.12.??"]
[PlyCount "80"]

1.d4 Nf6 2.c4 g6 3.Nc3 Bg7 4.e4 d6 5.Nf3 O-O 6.Be2 e5 7.O-O Nc6 8.d5 Ne7 
9.Nd2 a5 10.a3 Bd7 11.b3 Ne8 12.Rb1 c5 13.dxc6 Nxc6 14.Nb5 Qe7 15.Nf3 Kh8 
16.Rb2 f5 17.Bg5 Qe6 18.exf5 gxf5 19.Rd2 Qg6 20.h4 h6 21.h5 Qe6 22.Bh4 e4 
23.Ne1 f4 24.Nxd6 f3 25.Nxf3 exf3 26.Bxf3 Ne5 27.Bxb7 Rb8 28.Be4 Qg4 29.
Be7 Rf4 30.Qxg4 Bxg4 31.Re1 Bxh5 32.Nf5 Bf6 33.Bxf6+ Nxf6 34.Bc2 Re8 35.
Kf1 Nfg4 36.f3 a4 37.Nd6 Ref8 38.Ke2 axb3 39.Bxb3 Nxf3 40.gxf3 Rxf3 0-1

[Event "USA-ch"]
[Site "Durango CO, USA"]
[Date "1992.??.??"]
[Round "11"]
[White "Gulko, Boris"]
[Black "Shirazi, Kamran"]
[Result "1-0"]
[WhiteElo "2610"]
[BlackElo "2450"]
[EventDate "1992.12.??"]
[PlyCount "120"]

1.d4 e6 2.c4 f5 3.g3 Nf6 4.Bg2 Bb4+ 5.Nd2 c5 6.Nf3 cxd4 7.Nxd4 Nc6 8.a3 
Bxd2+ 9.Qxd2 Ne4 10.Nxc6 bxc6 11.Qc2 d5 12.O-O O-O 13.b4 Ba6 14.c5 d4 15.
Bxe4 fxe4 16.Qxe4 Qd5 17.Qxd5 exd5 18.Re1 Rae8 19.Bb2 Re4 20.Rad1 Rfe8 21.
Bxd4 Bxe2 22.Rd2 g5 23.f4 gxf4 24.gxf4 Bc4 25.Rxe4 Rxe4 26.f5 Kf7 27.Kg2 
Rf4 28.f6 h5 29.Kg3 Re4 30.Kf3 a6 31.Bb2 Rh4 32.Ke3 Bf1 33.Rf2 Re4+ 34.Kf3
Bh3 35.Rd2 Bg4+ 36.Kg3 Re3+ 37.Kf4 Rf3+ 38.Kg5 Rf5+ 39.Kh4 Rf3 40.Kg5 Rf5+
41.Kh4 Rf4 42.Kg5 Rf3 43.Rg2 Rd3 44.Kf4 Rf3+ 45.Kg5 Re3 46.Rd2 Re4 47.Rf2 
Re3 48.Kf4 Re4+ 49.Kg5 Re3 50.Kf4 Re1 51.Rg2 Kg6 52.Rf2 Re4+ 53.Kg3 Kf7 
54.Rd2 Bf5 55.Kf3 Rh4 56.Kg3 Rg4+ 57.Kf2 Be4 58.Ke3 Rh4 59.Rf2 Rh3+ 60.Kf4
Bg6 1-0

[Event "USA-ch"]
[Site "Durango CO, USA"]
[Date "1992.??.??"]
[Round "11"]
[White "Gurevich, Dmitry"]
[Black "Sherzer, Alex"]
[Result "1-0"]
[WhiteElo "2490"]
[BlackElo "2460"]
[EventDate "1992.12.??"]
[PlyCount "79"]

1.d4 Nf6 2.c4 g6 3.Nc3 Bg7 4.e4 d6 5.Be2 O-O 6.Nf3 e5 7.O-O Nc6 8.d5 Ne7 
9.Ne1 Nd7 10.Be3 f5 11.f3 f4 12.Bf2 g5 13.a4 Ng6 14.a5 Rf7 15.c5 Nxc5 16.
Bxc5 dxc5 17.Bc4 Kh8 18.a6 Rf6 19.axb7 Bxb7 20.Nd3 Bf8 21.Ra5 Bc8 22.Nxc5 
c6 23.b4 Rb8 24.Qa4 g4 25.fxg4 f3 26.gxf3 Nf4 27.Ne2 Nh3+ 28.Kh1 Bxg4 29.
Ng1 Bxc5 30.Rxc5 Qf8 31.Qa1 Nxg1 32.fxg4 Rxf1 33.Qxe5+ Qf6 34.Qxb8+ Kg7 
35.Bxf1 Qxf1 36.Qe5+ Kg8 37.Rc1 Qf2 38.Rxc6 Qf3+ 39.Kxg1 Qd1+ 40.Kf2 1-0

[Event "USA-ch"]
[Site "Durango CO, USA"]
[Date "1992.??.??"]
[Round "11"]
[White "Gurevich, Ilya"]
[Black "Rachels, Stuart"]
[Result "1-0"]
[WhiteElo "2510"]
[BlackElo "2485"]
[EventDate "1992.12.??"]
[PlyCount "107"]

1.e4 c5 2.Nf3 Nc6 3.d4 cxd4 4.Nxd4 Nf6 5.Nc3 d6 6.Bg5 e6 7.Qd2 Be7 8.O-O-O
Nxd4 9.Qxd4 O-O 10.f4 Qa5 11.Bc4 Bd7 12.e5 dxe5 13.fxe5 Bc6 14.Bd2 Nd7 15.
Nd5 Qc5 16.Nxe7+ Qxe7 17.Rhe1 Rfd8 18.Qg4 Nf8 19.Bf1 Qc7 20.Bc3 Ng6 21.
Rxd8+ Rxd8 22.Rd1 Bd5 23.Qd4 Rc8 24.a3 Qb8 25.g3 b5 26.Bd3 a5 27.Re1 a4 
28.Bb4 Qc7 29.Bd6 Qc6 30.Re2 Rd8 31.Qc5 Qxc5 32.Bxc5 Bc6 33.Bd6 Rd7 34.Be4
Bd5 35.Bxd5 exd5 36.Kd2 f6 37.Kc3 d4+ 38.Kd3 Rd8 39.Re4 h5 40.b3 axb3 41.
cxb3 Rd7 42.Kxd4 Nxe5 43.Kc5 Nf3 44.Kc6 Rd8 45.h4 Kf7 46.a4 bxa4 47.bxa4 
f5 48.Rb4 Ke6 49.Bc7 Nd4+ 50.Kb7 Rd5 51.a5 Kd7 52.a6 Nc6 53.Rb3 Rd1 54.Bb6
1-0

[Event "USA-ch"]
[Site "Durango CO, USA"]
[Date "1992.??.??"]
[Round "11"]
[White "Ivanov, Alexander"]
[Black "Dzindzichashvili, Roman"]
[Result "1/2-1/2"]
[WhiteElo "2545"]
[BlackElo "2565"]
[EventDate "1992.12.??"]
[PlyCount "20"]

1.e4 e5 2.Nf3 Nc6 3.Bb5 d6 4.d4 Bd7 5.Nc3 exd4 6.Nxd4 g6 7.Be3 Bg7 8.Qd2 
Nf6 9.Bxc6 bxc6 10.Bh6 O-O 1/2-1/2

[Event "USA-ch"]
[Site "Durango CO, USA"]
[Date "1992.??.??"]
[Round "11"]
[White "Seirawan, Yasser"]
[Black "Ivanov, Igor"]
[Result "1/2-1/2"]
[WhiteElo "2605"]
[BlackElo "2510"]
[EventDate "1992.12.??"]
[PlyCount "93"]

1.c4 c5 2.Nf3 g6 3.d4 cxd4 4.Nxd4 Nc6 5.e4 Nf6 6.Nc3 d6 7.Be2 Nxd4 8.Qxd4 
Bg7 9.Bg5 h6 10.Be3 O-O 11.Qd2 Kh7 12.f3 Be6 13.Rc1 Rc8 14.Nb5 a6 15.Nd4 
Bd7 16.O-O Qc7 17.Rc2 Rfd8 18.Rfc1 e5 19.Nb3 Be6 20.Rc3 Nd7 21.Na1 f5 22.
exf5 gxf5 23.Nc2 f4 24.Bf2 Rg8 25.Nb4 Bf8 26.Nd5 Qd8 27.Kh1 Qg5 28.Bf1 Rg7
29.a4 Kh8 30.a5 Nf6 31.b3 Nxd5 32.cxd5 Rxc3 33.Rxc3 Bf5 34.g4 fxg3 35.Qxg5
hxg5 36.hxg3 g4 37.f4 Rh7+ 38.Kg1 Bg7 39.Rc4 Bf8 40.Be2 Re7 41.Kf1 Kg7 42.
Be3 Kg6 43.Kf2 Rh7 44.Kg2 Re7 45.Kf2 Rh7 46.Kg2 Re7 47.Kf2 1/2-1/2

[Event "USA-ch"]
[Site "Durango CO, USA"]
[Date "1992.??.??"]
[Round "12"]
[White "Fedorowicz, John"]
[Black "Yermolinsky, Alexander"]
[Result "0-1"]
[WhiteElo "2560"]
[BlackElo "2615"]
[EventDate "1992.12.??"]
[PlyCount "102"]

1.e4 e6 2.d4 d5 3.Nc3 Bb4 4.e5 c5 5.a3 Bxc3+ 6.bxc3 Ne7 7.h4 Nbc6 8.h5 Qa5
9.Bd2 cxd4 10.cxd4 Qa4 11.Nf3 Nxd4 12.Bd3 Nec6 13.h6 Nxf3+ 14.Qxf3 Qd4 15.
O-O gxh6 16.Rfe1 Rg8 17.Qf6 Qg4 18.g3 Nd4 19.Kg2 Rg6 20.Bxg6 Qxg6 21.Qh8+ 
Kd7 22.Qf8 Nf5 23.Qb4 b6 24.Qa4+ Kc7 25.Kf1 Bd7 26.Qb4 Qh5 27.Bf4 Bc6 28.
Red1 Kb7 29.a4 a5 30.Qb3 Qh1+ 31.Ke2 Qe4+ 32.Kd2 Rc8 33.Qd3 Qg2 34.Qf1 Qf3
35.Qe2 d4 36.Qxf3 Bxf3 37.Rdb1 h5 38.Ra2 Ne7 39.Ra3 Be4 40.Rb2 Nd5 41.Bh6 
Rc4 42.Bf8 Nc3 43.Be7 Kc7 44.Bd6+ Kc6 45.Be7 Nxa4 46.Rba2 Nc3 47.Rb2 Nd5 
48.Bf8 a4 49.Ra1 b5 50.Re1 Bg6 51.Ra1 Kb6 0-1

[Event "USA-ch"]
[Site "Durango CO, USA"]
[Date "1992.??.??"]
[Round "12"]
[White "Sherzer, Alex"]
[Black "Gurevich, Ilya"]
[Result "1/2-1/2"]
[WhiteElo "2460"]
[BlackElo "2510"]
[EventDate "1992.12.??"]
[PlyCount "69"]

1.e4 c5 2.Nf3 d6 3.d4 cxd4 4.Nxd4 Nf6 5.Nc3 a6 6.f4 Nbd7 7.Nf3 Qc7 8.a4 g6
9.Bd3 Bg7 10.O-O O-O 11.Qe1 e6 12.Kh1 b6 13.Qh4 Bb7 14.Bd2 Rae8 15.Rae1 
Nh5 16.Ng5 h6 17.Nf3 Qd8 18.Qh3 e5 19.f5 Ndf6 20.Bc4 Qc8 21.Bb3 Kh8 22.Qh4
gxf5 23.Ng5 hxg5 24.Bxg5 f4 25.Bxf6 Bxf6 26.Qxh5+ Kg7 27.g4 Qd8 28.g5 Bxg5
29.Rg1 f6 30.Rxg5+ fxg5 31.Rg1 Rf5 32.Qg4 Rff8 33.Qh5 Rf5 34.Qg4 Rff8 35.
Qh5 1/2-1/2

[Event "USA-ch"]
[Site "Durango CO, USA"]
[Date "1992.??.??"]
[Round "12"]
[White "Shirazi, Kamran"]
[Black "Benjamin, Joel"]
[Result "0-1"]
[WhiteElo "2450"]
[BlackElo "2570"]
[EventDate "1992.12.??"]
[PlyCount "132"]

1.e4 c5 2.Nf3 d6 3.d4 cxd4 4.Nxd4 Nf6 5.Nc3 Nc6 6.g3 g6 7.Bg2 Nxd4 8.Qxd4 
Bg7 9.Nd5 O-O 10.Nxf6+ Bxf6 11.Qd3 Be6 12.O-O Qb6 13.c3 Rfc8 14.Qc2 a5 15.
Be3 Qa6 16.a4 Rab8 17.Rfd1 b5 18.Bf1 Bc4 19.axb5 Rxb5 20.Ra4 Bxf1 21.Rxf1 
Rcb8 22.Bc1 Rb3 23.Rd1 Qb5 24.Ra2 a4 25.Rd5 Qc6 26.Ra5 R8b4 27.R5xa4 Rxa4 
28.Qxb3 Rxe4 29.Be3 Bg5 30.Qb6 Qd5 31.Qa5 Qxa5 32.Rxa5 Bxe3 33.fxe3 Rxe3 
34.Kf2 Re4 35.Ra7 Kf8 36.h3 h5 37.Ra1 Ke8 38.Kf3 f5 39.b3 Kd7 40.Ra7+ Ke6 
41.Ra1 Kd5 42.Ra8 Ke6 43.Rg8 Kf7 44.Rc8 Re1 45.g4 hxg4+ 46.hxg4 Kf6 47.b4 
Ke5 48.Kf2 Rb1 49.gxf5 gxf5 50.Ke3 Rb2 51.Kd3 Kf4 52.Rb8 e5 53.c4 e4+ 54.
Kc3 Rb1 55.Kc2 Rh1 56.b5 Ke3 57.Rd8 f4 58.b6 Rh7 59.Rxd6 f3 60.c5 f2 61.
Rf6 Rh5 62.c6 Rc5+ 63.Kb2 Rxc6 64.Rxc6 f1=Q 65.Rc3+ Kd4 66.b7 Qe2+ 0-1

[Event "USA-ch"]
[Site "Durango CO, USA"]
[Date "1992.??.??"]
[Round "12"]
[White "Wolff, Patrick"]
[Black "Browne, Walter Shawn"]
[Result "1-0"]
[WhiteElo "2590"]
[BlackElo "2515"]
[EventDate "1992.12.??"]
[PlyCount "149"]

1.e4 c5 2.Nf3 d6 3.d4 cxd4 4.Nxd4 Nf6 5.f3 e5 6.Nb3 Be7 7.c4 O-O 8.Nc3 a5 
9.Be3 a4 10.Nd2 Qa5 11.a3 Bd7 12.Be2 Na6 13.O-O Nc5 14.Kh1 Rfc8 15.f4 Bc6 
16.fxe5 dxe5 17.Nd5 Bxd5 18.exd5 Ne8 19.b4 axb3 20.Nxb3 Qc7 21.Qb1 b6 22.
Nc1 Nd6 23.Bg1 Na4 24.Na2 Qd7 25.Nb4 Nc3 26.Qc2 Nxe2 27.Qxe2 Nxc4 28.Nc6 
b5 29.a4 Bf6 30.axb5 Rxa1 31.Rxa1 Qxd5 32.Rd1 Qe6 33.Qa2 e4 34.Rc1 Nd6 35.
Qxe6 fxe6 36.b6 Ra8 37.Rd1 Nb7 38.Rd7 Ra1 39.Rxb7 e3 40.Ra7 Rb1 41.Ra2 
Rxb6 42.Na5 Ra6 43.Bxe3 Bc3 44.Ra3 Bb4 45.Ra4 Bc3 46.Rc4 Bxa5 47.Ra4 Kf7 
48.g3 Bb6 49.Rxa6 Bxe3 50.Kg2 Bd4 51.Kf3 g6 52.Ke4 Bf6 53.Ra7+ Kg8 54.g4 
Bc3 55.Re7 Bf6 56.Rxe6 Kf7 57.Ra6 Bc3 58.Ra7+ Kg8 59.Rd7 Bf6 60.Kf4 Bb2 
61.Rc7 Bf6 62.g5 Bd4 63.h4 Bb2 64.Kg4 Be5 65.Rc6 Bb2 66.Ra6 Bc3 67.Ra4 Be5
68.h5 Bc3 69.h6 Kf7 70.Rc4 Be5 71.Kf3 Bd6 72.Rc8 Ke6 73.Rh8 Kf5 74.Rxh7 
Kxg5 75.Rd7 1-0

[Event "USA-ch"]
[Site "Durango CO, USA"]
[Date "1992.??.??"]
[Round "13"]
[White "Browne, Walter Shawn"]
[Black "Shirazi, Kamran"]
[Result "1-0"]
[WhiteElo "2515"]
[BlackElo "2450"]
[EventDate "1992.12.??"]
[PlyCount "103"]

1.d4 f5 2.g3 Nf6 3.Bg2 g6 4.Nf3 Bg7 5.c4 O-O 6.Nc3 d6 7.d5 Na6 8.O-O Qe8 
9.Nd4 Bd7 10.Rb1 c6 11.dxc6 bxc6 12.b4 Rd8 13.b5 Nb8 14.bxc6 Nxc6 15.Bxc6 
Bxc6 16.Ne6 Qf7 17.Nxd8 Rxd8 18.Bg5 Nd7 19.Nd5 Bf8 20.Qd2 Ne5 21.Rfc1 Nxc4
22.Rxc4 Bxd5 23.Rc7 Qe6 24.Qe3 Be4 25.f3 Qxa2 26.Rbc1 Bd5 27.Bxe7 Re8 28.
Rc8 Qa4 29.Rxe8 Qxe8 30.Rc7 a5 31.Qd4 Bxe7 32.Qxd5+ Qf7 33.Qxf7+ Kxf7 34.
Ra7 h5 35.Rxa5 h4 36.g4 fxg4 37.fxg4 Ke6 38.Kg2 Bf6 39.Kf3 Be5 40.h3 Bg3 
41.Ke4 Be5 42.g5 Bc3 43.Rb5 Bd2 44.Kf3 Be1 45.Kg4 Kf7 46.Rb7+ Kg8 47.Rd7 
Bg3 48.Kf3 Kf8 49.Ke4 Be5 50.e3 Bg3 51.Kd5 Bf2 52.Ke6 1-0

[Event "USA-ch"]
[Site "Durango CO, USA"]
[Date "1992.??.??"]
[Round "13"]
[White "Gulko, Boris"]
[Black "Ivanov, Igor"]
[Result "1-0"]
[WhiteElo "2610"]
[BlackElo "2510"]
[EventDate "1992.12.??"]
[PlyCount "81"]

1.d4 Nf6 2.c4 c6 3.Nc3 d5 4.e3 g6 5.Nf3 Bg7 6.Be2 O-O 7.O-O Bg4 8.cxd5 
cxd5 9.Qb3 b6 10.h3 Bxf3 11.Bxf3 e6 12.Bd2 Nc6 13.Be2 a6 14.Rfc1 Na5 15.
Qb4 Re8 16.Na4 Rb8 17.Bxa6 Ne4 18.Be1 Bf8 19.Qb5 Nc4 20.Nc3 Ned6 21.Qb3 
Na5 22.Qa4 Nac4 23.Bxc4 Nxc4 24.Qb5 Nd6 25.Qd3 b5 26.a4 bxa4 27.Nxa4 Qd7 
28.Nc5 Qb5 29.Qxb5 Rxb5 30.b4 Nc4 31.Ra7 Bd6 32.Bc3 Bb8 33.Ra6 Rc8 34.Kf1 
Kf8 35.Ke2 Ke7 36.Kd3 Nd6 37.f3 f5 38.Rca1 Bc7 39.Rc6 Bb8 40.Raa6 Rxc6 41.
Rxc6 1-0

[Event "USA-ch"]
[Site "Durango CO, USA"]
[Date "1992.??.??"]
[Round "13"]
[White "Gurevich, Dmitry"]
[Black "Fedorowicz, John"]
[Result "1-0"]
[WhiteElo "2490"]
[BlackElo "2560"]
[EventDate "1992.12.??"]
[PlyCount "74"]

1.Nf3 Nf6 2.c4 g6 3.Nc3 d5 4.cxd5 Nxd5 5.e4 Nxc3 6.bxc3 Bg7 7.Ba3 Nd7 8.
Bc4 O-O 9.O-O c5 10.d4 Qa5 11.Qb3 a6 12.Ng5 e6 13.Nxf7 Rxf7 14.Bxe6 Ne5 
15.Bxf7+ Nxf7 16.Bxc5 Qb5 17.f4 Qc6 18.f5 gxf5 19.exf5 Bd7 20.Rae1 Qb5 21.
Rf3 Re8 22.Rxe8+ Bxe8 23.Qe6 h5 24.h4 Bd7 25.Qe7 Qb1+ 26.Rf1 Qb5 27.f6 Bh6
28.Qe4 Kh8 29.Re1 Qb2 30.Qf3 Qd2 31.Re2 Qc1+ 32.Kh2 Bf4+ 33.g3 Bh6 34.d5 
Bb5 35.Re7 Qd2+ 36.Kh3 Kg8 37.c4 Ba4 1-0

[Event "USA-ch"]
[Site "Durango CO, USA"]
[Date "1992.??.??"]
[Round "13"]
[White "Ivanov, Alexander"]
[Black "Rachels, Stuart"]
[Result "0-1"]
[WhiteElo "2545"]
[BlackElo "2485"]
[EventDate "1992.12.??"]
[PlyCount "160"]

1.e4 c5 2.Nf3 Nc6 3.d4 cxd4 4.Nxd4 Nf6 5.Nc3 d6 6.Bg5 e6 7.Qd2 Be7 8.O-O-O
Nxd4 9.Qxd4 O-O 10.f4 Qa5 11.Bc4 Bd7 12.Rhe1 Bc6 13.f5 exf5 14.exf5 Rae8 
15.g4 Bf3 16.Be2 Bc6 17.Kb1 d5 18.Qd2 Qb6 19.Be3 Bc5 20.Bd4 Bxd4 21.Qxd4 
Qxd4 22.Rxd4 Re3 23.Rg1 Rfe8 24.Rg2 h6 25.Kc1 Rh3 26.Nd1 Re4 27.c3 Rxd4 
28.cxd4 Ne4 29.Bf1 Rf3 30.Be2 Rf4 31.Ne3 Nd6 32.Nc2 Nb5 33.Bxb5 Bxb5 34.
Kd2 Bf1 35.Rg1 Rf2+ 36.Kc3 Bg2 37.Ne3 Be4 38.h4 Re2 39.Rg3 Rh2 40.h5 Kf8 
41.f6 gxf6 42.a4 Ke7 43.Rg1 Rf2 44.a5 Kd7 45.b3 Kc6 46.Kb4 b6 47.Rc1+ Kb7 
48.axb6 axb6 49.Re1 Rf3 50.Kb5 Rh3 51.Kb4 Rf3 52.Kb5 Rf4 53.Kb4 Rf2 54.Kb5
Kc7 55.Rc1+ Kb7 56.Re1 Rf4 57.Kb4 Bh7 58.Kc3 Kc6 59.Ra1 Rf3 60.Kd2 Rf2+ 
61.Kc3 Re2 62.Rc1 Be4 63.Kb4+ Kd6 64.Nf1 Rf2 65.Ne3 Rd2 66.Rd1 Rxd1 67.
Nxd1 f5 68.gxf5 Bxf5 69.Ne3 Bd7 70.Ng2 Ke7 71.Nf4 Bc6 72.Kc3 Kf6 73.Kd2 
Kg5 74.Ke3 Kg4 75.b4 b5 76.Nd3 f6 77.Nf4 Bb7 78.Ne6 Kxh5 79.Kf4 Kg6 80.Nc5
Bc8 0-1

[Event "USA-ch"]
[Site "Durango CO, USA"]
[Date "1992.??.??"]
[Round "14"]
[White "Dzindzichashvili, Roman"]
[Black "Browne, Walter Shawn"]
[Result "0-1"]
[WhiteElo "2565"]
[BlackElo "2515"]
[EventDate "1992.12.??"]
[PlyCount "96"]

1.d4 Nf6 2.Bg5 Ne4 3.Bf4 c5 4.f3 Qa5+ 5.c3 Nf6 6.Nd2 cxd4 7.Nb3 Qb6 8.cxd4
d5 9.e3 Nc6 10.Bd3 a5 11.Ne2 a4 12.Nd2 e6 13.O-O Qxb2 14.Rb1 Qa3 15.Qc2 
Be7 16.Bb5 O-O 17.Bxc6 bxc6 18.Nc3 Ba6 19.Rfc1 Rfc8 20.Rb6 Bd8 21.Rb2 Nh5 
22.Ndb1 Qe7 23.Nxa4 Nxf4 24.exf4 Qf6 25.Qd2 Bd3 26.Qxd3 Rxa4 27.Rd1 Qxf4 
28.Nc3 Rc4 29.Ne2 Qd6 30.Rdb1 Bc7 31.g3 c5 32.Kg2 g6 33.f4 cxd4 34.Nxd4 
Qc5 35.Nf3 Bd6 36.Re1 Rc2+ 37.Re2 Rxe2+ 38.Qxe2 Qc4 39.Qxc4 Rxc4 40.Kf2 
Ra4 41.Ke2 Kg7 42.Ne1 h6 43.Nf3 Kf6 44.h4 Kf5 45.Kf2 f6 46.Rd2 Bc5+ 47.Kg2
h5 48.Rc2 Be3 0-1

[Event "USA-ch"]
[Site "Durango CO, USA"]
[Date "1992.??.??"]
[Round "14"]
[White "Ivanov, Igor"]
[Black "Benjamin, Joel"]
[Result "0-1"]
[WhiteElo "2510"]
[BlackElo "2570"]
[EventDate "1992.12.??"]
[PlyCount "40"]

1.Nf3 Nf6 2.c4 g6 3.Nc3 d5 4.cxd5 Nxd5 5.e4 Nxc3 6.bxc3 Bg7 7.Bc4 c5 8.e5 
O-O 9.Qe2 Nc6 10.e6 Bxe6 11.Bxe6 fxe6 12.Qxe6+ Kh8 13.O-O Rxf3 14.gxf3 Ne5
15.f4 Nf3+ 16.Kg2 Nh4+ 17.Kg1 Nf3+ 18.Kg2 Nh4+ 19.Kg1 Qd3 20.Qg4 Nf3+ 0-1

[Event "USA-ch"]
[Site "Durango CO, USA"]
[Date "1992.??.??"]
[Round "14"]
[White "Rachels, Stuart"]
[Black "Gulko, Boris"]
[Result "1/2-1/2"]
[WhiteElo "2485"]
[BlackElo "2610"]
[EventDate "1992.12.??"]
[PlyCount "117"]

1.e4 g6 2.d4 Bg7 3.Nf3 d6 4.Be2 Nf6 5.Nc3 O-O 6.O-O Nc6 7.d5 Nb8 8.h3 e5 
9.Bg5 h6 10.Be3 Nbd7 11.Nd2 Nh7 12.Nc4 f5 13.exf5 gxf5 14.f4 exf4 15.Rxf4 
Ne5 16.Qd2 Bd7 17.Raf1 Qe7 18.Bd4 Bf6 19.R4f2 Qg7 20.Nxe5 Bxe5 21.Be3 Ng5 
22.Kh1 Bg3 23.Bd4 Qg6 24.Bd3 Bxf2 25.Rxf2 Ne4 26.Bxe4 fxe4 27.Re2 Rae8 28.
Qe1 e3 29.Bxe3 Kh7 30.Kh2 Qf5 31.Qd2 Rf6 32.Rf2 Qe5+ 33.Bf4 Qe1 34.Qd3+ 
Bf5 35.Qd4 Rf7 36.Qxa7 b6 37.Bg3 Qe7 38.Qa4 Rg8 39.Qd4 Qf6 40.Qxf6 Rxf6 
41.Nb5 Rfg6 42.Rxf5 Rxg3 43.Rf2 R3g7 44.Nd4 Ra8 45.a3 Re7 46.g4 Kg6 47.Ne6
Rf7 48.Re2 h5 49.Kg3 hxg4 50.hxg4 Rh8 51.Nf4+ Kg5 52.Nh3+ Kg6 53.Re6+ Rf6 
54.Nf4+ Kg5 55.Re4 Rh1 56.Ne6+ Kg6 57.Nxc7 Rg1+ 58.Kh2 Rff1 59.Ne6 1/2-1/2

[Event "USA-ch"]
[Site "Durango CO, USA"]
[Date "1992.??.??"]
[Round "14"]
[White "Shirazi, Kamran"]
[Black "Yermolinsky, Alexander"]
[Result "1/2-1/2"]
[WhiteElo "2450"]
[BlackElo "2615"]
[EventDate "1992.12.??"]
[PlyCount "20"]

1.e4 c5 2.Nf3 e6 3.d4 cxd4 4.Nxd4 Nf6 5.Nc3 d6 6.g4 h6 7.Bg2 Nc6 8.h3 Qc7 
9.O-O a6 10.Be3 Ne5 1/2-1/2

[Event "USA-ch"]
[Site "Durango CO, USA"]
[Date "1992.??.??"]
[Round "14"]
[White "Wolff, Patrick"]
[Black "Gurevich, Dmitry"]
[Result "1/2-1/2"]
[WhiteElo "2590"]
[BlackElo "2490"]
[EventDate "1992.12.??"]
[PlyCount "97"]

1.e4 c5 2.Nf3 d6 3.d4 cxd4 4.Nxd4 Nf6 5.Nc3 Nc6 6.Bg5 e6 7.Qd2 Be7 8.O-O-O
O-O 9.f4 h6 10.h4 hxg5 11.hxg5 Ng4 12.Qe2 Nce5 13.Nf3 Qb6 14.fxe5 Nxe5 15.
Nxe5 Bxg5+ 16.Kb1 dxe5 17.Qh5 Bh6 18.Qxe5 Qe3 19.Be2 Qf4 20.Qd4 b6 21.Rdf1
Qe3 22.Qd6 Bb7 23.Qc7 Bxe4 24.Nxe4 Qxe2 25.Qe5 Qc4 26.Nf6+ gxf6 27.Qh5 
Qxf1+ 28.Rxf1 Kg7 29.a4 Bg5 30.Qf3 Rfd8 31.Rd1 a5 32.c3 Rab8 33.Kc2 Kf8 
34.b4 axb4 35.Rxd8+ Rxd8 36.cxb4 Rd5 37.Kb3 Ke7 38.Qc3 Bf4 39.a5 Be5 40.
Qc4 b5 41.Qc6 f5 42.Qb7+ Ke8 43.a6 Bd4 44.a7 Bxa7 45.Qxa7 Kf8 46.Kc3 Kg7 
47.Qe7 Kg6 48.Qh4 Kg7 49.Qg5+ 1/2-1/2

[Event "USA-ch"]
[Site "Durango CO, USA"]
[Date "1992.??.??"]
[Round "15"]
[White "Browne, Walter Shawn"]
[Black "Ivanov, Igor"]
[Result "1/2-1/2"]
[WhiteElo "2515"]
[BlackElo "2510"]
[EventDate "1992.12.??"]
[PlyCount "69"]

1.d4 Nf6 2.c4 e6 3.Nf3 d5 4.Nc3 Be7 5.Bg5 O-O 6.e3 Nbd7 7.Qc2 c5 8.O-O-O 
cxd4 9.Nxd4 Nb6 10.Kb1 Bd7 11.Bxf6 Bxf6 12.c5 Nc8 13.Bd3 h6 14.g4 Bxd4 15.
exd4 b6 16.Rhg1 Ne7 17.g5 h5 18.g6 Rc8 19.gxf7+ Rxf7 20.Qe2 bxc5 21.Qxh5 
Nf5 22.Bxf5 exf5 23.dxc5 Rxc5 24.Rxd5 Rxd5 25.Nxd5 Bc6 26.Nc3 Qd2 27.Qh4 
Bf3 28.Qc4 Qxf2 29.Rf1 Qe3 30.Qc8+ Kh7 31.Qc4 Rf6 32.Qh4+ Rh6 33.Qf2 Qxf2 
34.Rxf2 Bc6 35.Rxf5 1/2-1/2

[Event "USA-ch"]
[Site "Durango CO, USA"]
[Date "1992.??.??"]
[Round "15"]
[White "Gulko, Boris"]
[Black "Gurevich, Ilya"]
[Result "1/2-1/2"]
[WhiteElo "2610"]
[BlackElo "2510"]
[EventDate "1992.12.??"]
[PlyCount "65"]

1.Nf3 Nf6 2.c4 g6 3.Nc3 d5 4.cxd5 Nxd5 5.Qb3 Nb6 6.d4 Bg7 7.Bg5 h6 8.Bh4 
Be6 9.Qc2 Nc6 10.Rd1 Nb4 11.Qb1 N4d5 12.e4 Nxc3 13.bxc3 O-O 14.Be2 f5 15.
exf5 Bxf5 16.Bd3 Nd5 17.O-O Kh7 18.Rc1 Bxd3 19.Qxd3 Nf4 20.Qe4 Qd5 21.Qxd5
Nxd5 22.Rfe1 Rf7 23.c4 Nf4 24.Rb1 b6 25.Ne5 Bxe5 26.Rxe5 Rd8 27.d5 Rd7 28.
Re4 g5 29.Bg3 Ng6 30.f3 Rf6 31.Rd1 c6 32.Red4 Kg7 33.Kf2 1/2-1/2

[Event "USA-ch"]
[Site "Durango CO, USA"]
[Date "1992.??.??"]
[Round "15"]
[White "Gurevich, Dmitry"]
[Black "Shirazi, Kamran"]
[Result "1/2-1/2"]
[WhiteElo "2490"]
[BlackElo "2450"]
[EventDate "1992.12.??"]
[PlyCount "26"]

1.d4 c5 2.d5 Nf6 3.c4 b5 4.cxb5 a6 5.b6 a5 6.Nc3 Ba6 7.Nf3 d6 8.Nd2 Nbd7 
9.e4 Bxf1 10.Nxf1 Nxb6 11.a4 g6 12.Ne3 Bg7 13.O-O c4 1/2-1/2

[Event "USA-ch"]
[Site "Durango CO, USA"]
[Date "1992.??.??"]
[Round "15"]
[White "Ivanov, Alexander"]
[Black "Seirawan, Yasser"]
[Result "1-0"]
[WhiteElo "2545"]
[BlackElo "2605"]
[EventDate "1992.12.??"]
[PlyCount "96"]

1.e4 c6 2.d4 d5 3.exd5 cxd5 4.c4 Nf6 5.Nc3 Nc6 6.Nf3 Bg4 7.cxd5 Nxd5 8.Qb3
Bxf3 9.gxf3 e6 10.Qxb7 Nxd4 11.Bb5+ Nxb5 12.Qc6+ Ke7 13.Qxb5 Qd7 14.Nxd5+ 
Qxd5 15.Qxd5 exd5 16.O-O Ke6 17.Re1+ Kf5 18.Be3 Be7 19.Rad1 Rhd8 20.Rd4 g5
21.Red1 Ke6 22.Re1 Kf5 23.Red1 Ke6 24.Re1 Bc5 25.Bxg5+ Kf5 26.Bxd8 Bxd4 
27.Rd1 Rxd8 28.Rxd4 Ke5 29.Ra4 d4 30.Kf1 Rd7 31.Ke2 Kf4 32.Kd3 Kxf3 33.
Rxd4 Re7 34.Rd5 Kxf2 35.Rh5 f6 36.b4 Kg2 37.a4 f5 38.Rxf5 Kxh2 39.a5 Kg3 
40.a6 Kg4 41.Rf8 h5 42.Rb8 Re6 43.b5 Rd6+ 44.Ke4 Re6+ 45.Kd4 Rd6+ 46.Ke5 
Rg6 47.b6 Kh3 48.bxa7 Rxa6 1-0